000 01291nam a2200325 i 4500
001 000002624
003 DO-SdBNP
005 20231009151851.0
007 ta
008 090703s1991 dr ab 001 0 spa d
040 _aDO-SdBNP
_bspa
_cBNPHU
_erda
082 4 _a338.097293
_bC293d
_222
100 1 _aCarozzi, Federico
_98276
_eautor
245 1 3 _aEl desarrollo industrial y la economía dominicana /
_cFederico Carozzi ; prólogo, José E. Hazim Frappier.
264 _aSanto Domingo :
_bFUNDESPRE,
_c1991.
300 _a415 páginas :
_bilustraciones , mapa. ;
_c21 cm.
336 _2rdacontent
_atexto
_btxt
337 _2rdamedia
_asin mediación
_bn
338 _2rdacarrier
_avolumen
_bnc
490 _aCiencias, sociedad y desarrollo
500 _aIncluye referencias biliográficas y notas al pie de las páginas
590 _aInventariado, 2018/LP
651 4 _aRepública Dominicana
_xIndustrias
_98277
651 4 _aRepública Dominicana
_xCondiciones económicas
_xHistoria
_91210
651 4 _aRepública Dominicana
_xPolítica económica
_9643
700 1 _aHazin Frappier, José E.,
_eprólogo
_98278
710 2 _aFundación para el Desarrollo Integral de la Región Este (República Dominicana)
_98279
910 _aValidado. Control de calidad MMOLINA
942 _2ddc
_cLBS1
999 _c2460
_d2460